Normal view
MARC view
Entry Topical Term
001 - CONTROL NUMBER
- control field: 48632
003 - CONTROL NUMBER IDENTIFIER
- control field: ARRUPE
005 - DATE AND TIME OF LATEST TRANSACTION
- control field: 20191113140651.0
008 - FIXED-LENGTH DATA ELEMENTS
- fixed length control field: 191113|| aca||aabn | a|a d
040 ## - CATALOGING SOURCE
- Original cataloging agency: ARRUPE
- Transcribing agency: ARRUPE
150 ## - HEADING--TOPICAL TERM
- Topical term or geographic name as entry element: Lebanon
- General subdivision: history
670 ## - SOURCE DATA FOUND
- Source citation: Work cat.: (ARRUPE): Traboulsi, Fawwaz 48631, A history of mordern lebanon , 2007.